=LDR 00000nam 2200000 4500 =001 INLIS000000000061282 =990 ##$$a 432/51/22 =990 ##$$a 432/51/22 =990 ##$$a 423/51/22 =990 ##$$a 423/51/22 =990 ##$$a 423/51/22 =005 20221004103447 =990 ##$$a 423/51/22 =990 ##$$a 423/51/22 =990 ##$$a 7202202232 =990 ##$$a 423/51/22 =990 ##$$a 423/51/22 =035 ##$$a 0010-1022000023 =990 ##$$a 423/51/22 =990 ##$$a 7202202233 =990 ##$$a 7202202232 =990 ##$$a 7202202232 =990 ##$$a 432/51/22 =007 ta =008 221004###########################0###### =020 ##$$a 978-602-7731-21-9 =082 ##$$a 028.55 =084 ##$$a 028.55 Joh r =100 #$$a Johanna Ernawati =245 1#$$a Rahasia Emas Cair Sumbawa : $b Sebuah kisah madu lebah raksasa Apis Dorsata =260 ##$$a Sumbawa :$b Arti Bumi Intaran,$c 2014 =300 ##$$a 48 halaman : $b ilus ; $c 29 cm. =650 #4$$a Bacaan Kanak-kanak =990 ##$$a 23182318 =990 ##$$a 7202202231 =990 ##$$a 23192319 =990 ##$$a 7202202232 =990 ##$$a 7202202231 =990 ##$$a 23202320 =990 ##$$a 7202202233 =990 ##$$a 7202202231 =990 ##$$a 7202202232